| 000 | 00531nam a2200193Ia 4500 | ||
|---|---|---|---|
| 999 |
_c14699 _d14699 |
||
| 003 | OSt | ||
| 005 | 20201104115623.0 | ||
| 008 | 190216s9999||||xx |||||||||||||| ||und|| | ||
| 020 | _a9781258202071 | ||
| 040 | _coclc | ||
| 082 |
_a792.01 _bSTY/E |
||
| 100 |
_aStyan, J L _95300 |
||
| 245 | 4 |
_aThe Elements Of Drama / _cJ L Styan |
|
| 250 | _a3rd ed. | ||
| 260 |
_bCambridge University Press, _c1960. _aNew York: |
||
| 300 | _a306p | ||
| 650 | _aEnglish | ||
| 942 |
_cBK _2ddc _h792.01 _iSTY/E _k792.01 _mSTY/E |
||